00741cam a2200217 4500001001300000003000400013005001700017008004100034010002200075025002000097043001200117050001900129082001300148110006300161245012300224260001900347300002200366500006400388650005400452999001700506sa 68012747 DLC20260227112614.0691021s1968 ii 00000 eng  asa 68012747 //r87 aPL480:I-E-10429 aa-ii---0 aHD5820.M28bA5 a331.1/1510aMadras (State).bState Employment Market Information Unit.10aShort term study of the utilisation pattern of educated persons produced during the third plan period in Madras State.1 aMadras,c1968. aii, 98 p.c30 cm. aAt head of title: Dept. of Employment and Training, Madras. 0aCollege graduatesxEmploymentzIndiazTamil Nadu. c84721d84721